000 00296nam a22001337a 4500
008 170320b xxu||||| |||| 00| 0 eng d
020 _a9780683307214
041 _aeng
080 _22 ED
_a616.8
100 _a7
101 _aSHM
245 _aHIGH YIELD NEURO ANATOMY
_cFIX.J.D
942 _2udc
_cBK
999 _c8130
_d8130